Online
Catalog

A sense of the earth / (Record no. 10631)

MARC details
000 -CABECERA
campo de control de longitud fija 00709cam a2200241 a 4500
001 - NÚMERO DE CONTROL
campo de control 000010888
003 - IDENTIFICADOR DEL NÚMERO DE CONTROL
campo de control OSt
005 - FECHA Y HORA DE LA ÚLTIMA TRANSACCIÓN
campo de control 20250127134854.0
008 - DATOS DE LONGITUD FIJA--INFORMACIÓN GENERAL
campo de control de longitud fija 711108s1972 nyua b 001 0 eng
040 ## - FUENTE DE LA CATALOGACIÓN
Centro catalogador/agencia de origen DO-SdBNP
Lengua de catalogación spa
Centro/agencia transcriptor BNPHU
082 ## - NÚMERO DE LA CLASIFICACIÓN DECIMAL DEWEY
Número de clasificación 550
Número de documento/Ítem L662s
100 1# - ENTRADA PRINCIPAL--NOMBRE DE PERSONA
Nombre de persona Leveson, David,
9 (RLIN) 26252
245 12 - MENCIÓN DE TÍTULO
Título A sense of the earth /
Mención de responsabilidad, etc. David Leveson ; dibujos Meg Leveson.
260 ## - PUBLICACIÓN, DISTRIBUCIÓN, ETC.
Lugar de publicación, distribución, etc. New York :
Nombre del editor, distribuidor, etc. Doubleday & Company,
Fecha de publicación, distribución, etc. 1972.
300 ## - DESCRIPCIÓN FÍSICA
Extensión 176 p. :
Otras características físicas il. ;
Dimensiones 25 cm.
490 1# - MENCIÓN DE SERIE
Mención de serie Anchor Natural History Books
504 ## - NOTA DE BIBLIOGRAFÍA, ETC.
Nota de bibliografía, etc. Bibliografía: p. [170]-172.
590 ## - NOTA LOCAL (RLIN)
Nota local Inventariado, 2020 / DG
650 #0 - PUNTO DE ACCESO ADICIONAL DE MATERIA--TÉRMINO DE MATERIA
Término de materia o nombre geográfico como elemento de entrada Geología
9 (RLIN) 26253
700 1# - PUNTO DE ACCESO ADICIONAL--NOMBRE DE PERSONA
Nombre de persona Leveson, Meg.
9 (RLIN) 26254
910 ## - DATOS DE OPCIÓN DEL USUARIO (OCLC)
Datos de opción del usuario En catalogaciòn
942 ## - ELEMENTOS DE PUNTO DE ACCESO ADICIONAL (KOHA)
Fuente del sistema de clasificación o colocación Dewey Decimal Classification
Tipo de ítem Koha Libros y folletos
Holdings
Estado de retiro Estado de pérdida Fuente del sistema de clasificación o colocación Restricciones de uso No para préstamo Código de colección Localización permanente Ubicación/localización actual Ubicación en estantería Fecha de adquisición Fuente de adquisición Número de inventario Total de préstamos Signatura topográfica completa Código de barras Fecha visto por última vez Precio válido a partir de Tipo de ítem Koha Número de copia
    Dewey Decimal Classification   Excluido de préstamo Monografías: Libros y Folletos General General En catalogación 12.10.2009 Donaciòn LF1   550 L662s 10888-10 25.06.2020 25.06.2020 No se presta  
  Extraviado     Excluido de préstamo Monografías: Libros y Folletos General General Extraviado 06.04.2017   LF1   550 L662s 10888-20 25.06.2020 25.06.2020 No se presta e. 2

Powered by Koha